[Event "HUN-chT2 Toth 1011"]
[Site "Hungary"]
[Date "2010.11.07"]
[Round "5.6"]
[White "Kain, Sandor"]
[Black "Pinczes, Gyula"]
[Result "1/2-1/2"]
[WhiteElo "1954"]
[BlackElo "1856"]
[PlyCount "106"]
[EventDate "2010.09.12"]
[EventType "team-tourn"]
[EventRounds "11"]
[EventCountry "HUN"]
[SourceTitle "EXT 2012"]
[Source "ChessBase"]
[SourceDate "2011.11.24"]
[SourceVersion "1"]
[SourceVersionDate "2011.11.24"]
[SourceQuality "1"]
[WhiteTeam "Maroczy II"]
[BlackTeam "Nadudvar"]
[WhiteTeamCountry "HUN"]
[BlackTeamCountry "HUN"]

1. e4 e5 2. Nf3 Nc6 3. Bb5 a6 4. Ba4 d6 5. d4 exd4 6. Nxd4 Bd7 7. Nxc6 Bxc6 8. Bxc6+ bxc6 9. 0-0 Be7 10. Nc3 Qd7 11. Qe2 Qe6 12. Re1 Bf6 13. Bf4 Be5 14. Bg3 Bxg3 15. hxg3 Ne7 16. Rad1 0-0 17. b3 Rfe8 18. Qd3 Qe5 19. Qc4 Qa5 20. Re3 Rad8 21. Qe2 Ng6 22. Na4 Rf8 23. f4 d5 24. e5 Ne7 25. Qe1 Qxe1+ 26. Rexe1 Rfe8 27. Nc5 Ra8 28. g4 Reb8 29. a4 a5 30. g3 Re8 31. f5 Nc8 32. Kg2 Nb6 33. Rd2 f6 34. e6 Kf8 35. Kf2 Ke7 36. Rh1 h6 37. Rhd1 Nc8 38. Kf3 Nd6 39. c3 Rab8 40. Rb1 Nc4 41. Rd4 Ne5+ 42. Ke2 Kd6 43. Ne4+ Ke7 44. Nd2 Red8 45. b4 c5 46. bxc5 Rxb1 47. Nxb1 Nc6 48. Rd2 d4 49. cxd4 Nxd4+ 50. Kf2 Nb3 51. Rxd8 Kxd8 52. Ke3 Nxc5 53. Nc3 c6 1/2-1/2

[Event "HUN-chT2 Toth 0910"]
[Site "Hungary"]
[Date "2010.05.02"]
[Round "11.8"]
[White "Horvath, Lajos Ludovic"]
[Black "Kain, Sandor"]
[Result "1-0"]
[WhiteElo "2076"]
[BlackElo "1952"]
[PlyCount "91"]
[EventDate "2009.11.08"]
[EventType "team-tourn"]
[EventRounds "11"]
[EventCountry "HUN"]
[SourceTitle "EXT 2011"]
[Source "ChessBase"]
[SourceDate "2010.11.26"]
[SourceVersion "1"]
[SourceVersionDate "2010.11.26"]
[SourceQuality "1"]
[WhiteTeam "Kisujszallas"]
[BlackTeam "Maroczy II"]
[WhiteTeamCountry "HUN"]
[BlackTeamCountry "HUN"]

1. e4 c5 2. Nf3 e6 3. d4 cxd4 4. Nxd4 a6 5. Nc3 Qc7 6. Bd3 Nf6 7. 0-0 Nc6 8. Nxc6 bxc6 9. Be3 e5 10. h3 Be7 11. f4 d6 12. Qf3 0-0 13. g4 exf4 14. Qxf4 Nd7 15. Ne2 Ne5 16. Ng3 Ng6 17. Qf3 Ne5 18. Qg2 d5 19. Nf5 Bxf5 20. Rxf5 g6 21. Rff1 Nxd3 22. cxd3 Qe5 23. Qf2 dxe4 24. Bd4 Qc7 25. dxe4 Rad8 26. Bc3 Rd3 27. Qf4 Qb6+ 28. Kg2 Qe3 29. Qxe3 Rxe3 30. Rae1 Rxe1 31. Rxe1 Rd8 32. Kf3 Bg5 33. Ke2 Kf8 34. Rd1 Rxd1 35. Kxd1 Ke7 36. Ke2 Ke6 37. Kd3 Bf6 38. Bxf6 Kxf6 39. Kd4 Kg5 40. Ke5 h5 41. gxh5 gxh5 42. b4 h4 43. a4 f6+ 44. Kd6 Kf4 45. Kxc6 Kxe4 46. b5 1-0

[Event "HUN-chT2 Toth 0910"]
[Site "Hungary"]
[Date "2010.01.31"]
[Round "5.7"]
[White "Kain, Sandor"]
[Black "Molnar, Jozsef"]
[Result "1-0"]
[WhiteElo "1952"]
[BlackElo "1722"]
[PlyCount "43"]
[EventDate "2009.11.08"]
[EventType "team-tourn"]
[EventRounds "11"]
[EventCountry "HUN"]
[SourceTitle "EXT 2011"]
[Source "ChessBase"]
[SourceDate "2010.11.26"]
[SourceVersion "1"]
[SourceVersionDate "2010.11.26"]
[SourceQuality "1"]
[WhiteTeam "Maroczy II"]
[BlackTeam "Abony"]
[WhiteTeamCountry "HUN"]
[BlackTeamCountry "HUN"]

1. e4 c5 2. Nf3 d6 3. d4 cxd4 4. Nxd4 Nf6 5. Nc3 a6 6. Bg5 e6 7. f4 Be7 8. Qf3 Nbd7 9. 0-0-0 Qc7 10. g4 Rb8 11. Bxf6 Nxf6 12. g5 Nd7 13. f5 Ne5 14. Qg3 b5 15. Bh3 b4 16. Nce2 exf5 17. exf5 Bf8 18. Kb1 a5 19. Nf3 Bb7 20. Ned4 Be4 21. Rhe1 Qb7 22. Nxe5 1-0

[Event "HUN-chT2 Toth 0910"]
[Site "Hungary"]
[Date "2009.11.08"]
[Round "1.9"]
[White "Kain, Sandor"]
[Black "Abraham, Lajos"]
[Result "1-0"]
[WhiteElo "1952"]
[BlackElo "1863"]
[PlyCount "49"]
[EventDate "2009.11.08"]
[EventType "team-tourn"]
[EventRounds "11"]
[EventCountry "HUN"]
[SourceTitle "EXT 2011"]
[Source "ChessBase"]
[SourceDate "2010.11.26"]
[SourceVersion "1"]
[SourceVersionDate "2010.11.26"]
[SourceQuality "1"]
[WhiteTeam "Maroczy II"]
[BlackTeam "Roszke"]
[WhiteTeamCountry "HUN"]
[BlackTeamCountry "HUN"]

1. e4 c5 2. Nf3 a6 3. c3 e6 4. d4 cxd4 5. cxd4 Nf6 6. Bd3 h6 7. 0-0 Be7 8. Nc3 d6 9. Qe2 Nc6 10. e5 dxe5 11. dxe5 Nd5 12. Rd1 Nxc3 13. bxc3 Qc7 14. Bf4 Bd7 15. Rab1 g5 16. Bg3 h5 17. h4 gxh4 18. Nxh4 Bxh4 19. Bxh4 Nxe5 20. Rxb7 Qxb7 21. Qxe5 Rg8 22. Be4 Bc6 23. Qd6 Rxg2+ 24. Bxg2 f6 25. Bxc6+ 1-0

[Event "HUN-chT2 Toth 0809"]
[Site "Hungary"]
[Date "2008.12.21"]
[Round "4.9"]
[White "Berenyi, Tamas"]
[Black "Kain, Sandor"]
[Result "1-0"]
[WhiteElo "2108"]
[BlackElo "1948"]
[PlyCount "39"]
[EventDate "2008.10.26"]
[EventType "team-tourn"]
[EventRounds "11"]
[EventCountry "HUN"]
[SourceTitle "EXT 2010"]
[Source "ChessBase"]
[SourceDate "2010.11.25"]
[SourceVersion "1"]
[SourceVersionDate "2010.11.25"]
[SourceQuality "1"]
[WhiteTeam "Mako II"]
[BlackTeam "Maroczy II"]
[WhiteTeamCountry "HUN"]
[BlackTeamCountry "HUN"]

1. e4 c5 2. Nf3 e6 3. d4 cxd4 4. Nxd4 a6 5. Be3 Nf6 6. Nd2 Qc7 7. Bd3 d5 8. exd5 Nxd5 9. 0-0 Nxe3 10. fxe3 Bd6 11. Qh5 g6 12. Qh6 Bf8 13. Qh4 Qe7 14. Qg3 Bg7 15. Nc4 Nd7 16. Nd6+ Kd8 17. Nxf7+ Ke8 18. Nxh8 Bxh8 19. Bxg6+ hxg6 20. Qxg6+ 1-0

[Event "HUN-chT2 Toth 0708"]
[Site "Hungary"]
[Date "2008.04.27"]
[Round "10"]
[White "Botta, Judit"]
[Black "Kain, Sandor"]
[Result "0-1"]
[WhiteElo "2002"]
[BlackElo "1915"]
[PlyCount "74"]
[EventDate "2007.10.14"]
[EventType "team"]
[EventRounds "11"]
[EventCountry "HUN"]
[SourceTitle "EXT 2009"]
[Source "ChessBase"]
[SourceDate "2008.11.26"]
[SourceVersion "1"]
[SourceVersionDate "2008.11.26"]
[SourceQuality "1"]
[WhiteTeam "Takisz"]
[BlackTeam "Maroczy II"]
[WhiteTeamCountry "HUN"]
[BlackTeamCountry "HUN"]

1. e4 c5 2. Nf3 e6 3. d4 cxd4 4. Nxd4 a6 5. a3 Nf6 6. Nc3 Qc7 7. Nb3 b5 8. Bd3 d6 9. 0-0 Nbd7 10. Be3 Bb7 11. f3 Be7 12. Qd2 0-0 13. Nd4 Rac8 14. Rad1 Ne5 15. g4 h6 16. Qg2 d5 17. exd5 Nxd5 18. Nxd5 Bxd5 19. Be2 Bd6 20. h3 Ng6 21. g5 h5 22. Bd3 Nf4 23. Bxf4 Bxf4 24. Kh1 g6 25. Rde1 Rfd8 26. Ne2 Be5 27. c3 Bb3 28. Nc1 Bd5 29. Bc2 Bc4 30. Rg1 Bf4 31. Ne2 Rd2 32. Bd1 Rxb2 33. Qf2 Rd8 34. Qh4 Be3 35. Rgf1 Rxd1 36. Rxd1 Rxe2 37. f4 Qc6+ 0-1

[Event "HUN-chT2 Toth 0708"]
[Site "Hungary"]
[Date "2008.03.02"]
[Round "7"]
[White "Kain, Sandor"]
[Black "Kadnar, Emil"]
[Result "1-0"]
[WhiteElo "1915"]
[BlackElo "1783"]
[PlyCount "87"]
[EventDate "2007.10.14"]
[EventType "team"]
[EventRounds "11"]
[EventCountry "HUN"]
[SourceTitle "EXT 2009"]
[Source "ChessBase"]
[SourceDate "2008.11.26"]
[SourceVersion "1"]
[SourceVersionDate "2008.11.26"]
[SourceQuality "1"]
[WhiteTeam "Maroczy II"]
[BlackTeam "Roszke"]
[WhiteTeamCountry "HUN"]
[BlackTeamCountry "HUN"]

1. e4 e5 2. Nf3 d6 3. d4 exd4 4. Nxd4 Nf6 5. Nc3 Be7 6. Bc4 0-0 7. 0-0 Nc6 8. Nxc6 bxc6 9. Re1 Be6 10. Bxe6 fxe6 11. Qe2 Rf7 12. e5 dxe5 13. Qxe5 Ng4 14. Qxe6 Nf6 15. Bg5 Qd6 16. Rad1 Qxe6 17. Rxe6 Re8 18. Rxc6 Bd6 19. Rc4 Nd7 20. Ne4 Nb6 21. Rc6 h6 22. Nxd6 cxd6 23. Be3 d5 24. Bxb6 axb6 25. f3 Ra8 26. a3 b5 27. Rxd5 b4 28. axb4 Ra1+ 29. Kf2 Rb1 30. b3 Rb7 31. b5 Ra1 32. b6 Ra6 33. Rdd6 Kh7 34. b4 h5 35. b5 Ra2 36. Ke3 Rb2 37. Rc7 Rb8 38. Rc5 g6 39. h4 Rb4 40. Rc7+ Kh6 41. Rdd7 Rh8 42. b7 Rxb5 43. Rc8 Rh7 44. Rxh7+ 1-0

[Event "Balazs Diak Cup U18 2nd"]
[Site "Balatonlelle"]
[Date "2006.07.08"]
[Round "8"]
[White "Belteczky, Mihaly"]
[Black "Kain, Sandor"]
[Result "0-1"]
[WhiteElo "1984"]
[BlackElo "1914"]
[PlyCount "36"]
[EventDate "2006.07.01"]
[EventType "swiss"]
[EventRounds "9"]
[EventCountry "HUN"]
[SourceTitle "CBM 113 Extra"]
[Source "ChessBase"]
[SourceDate "2006.09.14"]
[SourceVersion "1"]
[SourceVersionDate "2006.09.14"]
[SourceQuality "1"]

1. e4 c5 2. f4 d6 3. Nc3 Nc6 4. g3 Nf6 5. Bg2 g6 6. d3 Bg7 7. Nf3 0-0 8. 0-0 Rb8 9. Ne2 Bd7 10. h3 e5 11. f5 gxf5 12. exf5 Nd4 13. g4 h6 14. Ng3 Bc6 15. Bd2 Nd5 16. Qc1 Nf4 17. Bxf4 exf4 18. Nh5 Ne2+ 0-1

[Event "Balazs Diak Cup U18 2nd"]
[Site "Balatonlelle"]
[Date "2006.07.07"]
[Round "7"]
[White "Kain, Sandor"]
[Black "Miovecz, Adam"]
[Result "1-0"]
[WhiteElo "1914"]
[BlackElo "1698"]
[PlyCount "41"]
[EventDate "2006.07.01"]
[EventType "swiss"]
[EventRounds "9"]
[EventCountry "HUN"]
[SourceTitle "CBM 113 Extra"]
[Source "ChessBase"]
[SourceDate "2006.09.14"]
[SourceVersion "1"]
[SourceVersionDate "2006.09.14"]
[SourceQuality "1"]

1. e4 c5 2. Nf3 e6 3. d4 cxd4 4. Nxd4 Nf6 5. Bd3 Nc6 6. Nxc6 bxc6 7. 0-0 d5 8. e5 Nd7 9. f4 Bc5+ 10. Kh1 0-0 11. Nd2 f6 12. Nf3 fxe5 13. fxe5 Qc7 14. Re1 Bb6 15. Ng5 Nxe5 16. Bxh7+ Kh8 17. Bg6 Nf7 18. Nxf7+ Rxf7 19. Qh5+ Kg8 20. Bg5 Rf4 21. Qh7+ 1-0

[Event "Balazs Diak Cup U18 2nd"]
[Site "Balatonlelle"]
[Date "2006.07.02"]
[Round "2"]
[White "Kain, Sandor"]
[Black "Tamas, Milan"]
[Result "0-1"]
[WhiteElo "1914"]
[BlackElo "2043"]
[PlyCount "64"]
[EventDate "2006.07.01"]
[EventType "swiss"]
[EventRounds "9"]
[EventCountry "HUN"]
[SourceTitle "CBM 113 Extra"]
[Source "ChessBase"]
[SourceDate "2006.09.14"]
[SourceVersion "1"]
[SourceVersionDate "2006.09.14"]
[SourceQuality "1"]

1. e4 c5 2. Nf3 d6 3. d4 cxd4 4. Nxd4 Nf6 5. Nc3 a6 6. Bg5 e6 7. f4 Be7 8. Qf3 Qc7 9. 0-0-0 h6 10. Bh4 Nbd7 11. g4 g5 12. fxg5 Ne5 13. Qe2 Nfxg4 14. Nf3 Nxf3 15. Qxf3 Ne5 16. Qf2 hxg5 17. Bg3 b5 18. Be2 Bb7 19. Rhf1 Rh7 20. Bxe5 dxe5 21. Bh5 Bc5 22. Bxf7+ Rxf7 23. Qxf7+ Qxf7 24. Rxf7 Be3+ 25. Kb1 Kxf7 26. Rd7+ Kf6 27. Rxb7 Rh8 28. Nxb5 axb5 29. Rxb5 Rxh2 30. a4 g4 31. Rb3 Re2 32. a5 g3 0-1

[Event "HUN-chT2 Toth 0506"]
[Site "Hungary"]
[Date "2005.11.27"]
[Round "4"]
[White "Zsiros, Gyorgy"]
[Black "Kain, Sandor"]
[Result "1/2-1/2"]
[WhiteElo "1947"]
[BlackElo "1826"]
[PlyCount "116"]
[EventDate "2005.10.16"]
[EventType "team"]
[EventRounds "11"]
[EventCountry "HUN"]
[SourceTitle "EXT 2009"]
[Source "ChessBase"]
[SourceDate "2008.11.26"]
[SourceVersion "1"]
[SourceVersionDate "2008.11.26"]
[SourceQuality "1"]
[WhiteTeam "GyD"]
[BlackTeam "Vasarhelyi"]
[WhiteTeamCountry "HUN"]
[BlackTeamCountry "HUN"]

1. e4 c5 2. Nf3 e6 3. d4 cxd4 4. Nxd4 a6 5. Nc3 Qc7 6. Bd3 Nf6 7. 0-0 Nc6 8. Nf3 Be7 9. h3 0-0 10. Be3 d6 11. Ne2 Rd8 12. c3 h6 13. Qb3 Nd7 14. Nfd4 Nc5 15. Qc2 Ne5 16. Nc1 Nexd3 17. Nxd3 Nxe4 18. Nf4 d5 19. Nde2 e5 20. Nxd5 Rxd5 21. Qxe4 Be6 22. Ng3 Rad8 23. Qf3 Rd3 24. Qh5 Bc5 25. Bxc5 Qxc5 26. Ne4 Qd5 27. Rfe1 f6 28. Qg6 Rf8 29. Re3 Rxe3 30. fxe3 f5 31. Ng3 Qd7 32. Qh5 Qd2 33. Qf3 Qxb2 34. Rd1 Qxc3 35. Rd6 Qc8 36. Nh5 Qc1+ 37. Kh2 Qc8 38. Qg3 Rf7 39. Qxe5 Re7 40. Nxg7 Rxg7 41. Rxe6 Qc7 42. Qxc7 Rxc7 43. Rxh6 Kg7 44. Rb6 Re7 45. a4 Kg8 46. Rb3 Kg7 47. Kg3 Kf6 48. Kf3 Kg5 49. Rb4 Rh7 50. h4+ Rxh4 51. Rxh4 Kxh4 52. Kf4 b5 53. axb5 axb5 54. Kxf5 Kg3 55. Ke4 Kxg2 56. Kd4 Kf3 57. e4 Kf4 58. e5 Kf5 1/2-1/2

[Event "HUN-chT2 Toth 0506"]
[Site "Hungary"]
[Date "2005.10.16"]
[Round "1"]
[White "Kain, Sandor"]
[Black "Borus, Andras"]
[Result "1-0"]
[WhiteElo "1826"]
[BlackElo "2111"]
[PlyCount "63"]
[EventDate "2005.10.16"]
[EventType "team"]
[EventRounds "11"]
[EventCountry "HUN"]
[SourceTitle "EXT 2009"]
[Source "ChessBase"]
[SourceDate "2008.11.26"]
[SourceVersion "1"]
[SourceVersionDate "2008.11.26"]
[SourceQuality "1"]
[WhiteTeam "Vasarhelyi"]
[BlackTeam "Maroczy"]
[WhiteTeamCountry "HUN"]
[BlackTeamCountry "HUN"]

1. e4 c5 2. Nf3 d6 3. d4 cxd4 4. Nxd4 Nf6 5. Nc3 a6 6. Bg5 e6 7. f4 Nbd7 8. Qf3 Qc7 9. 0-0-0 b5 10. a3 Bb7 11. g4 0-0-0 12. Bh3 Be7 13. Rhe1 Kb8 14. Bh4 h6 15. Bg3 Rc8 16. Bg2 g6 17. Qe2 Nb6 18. e5 Nfd5 19. Nxd5 Nxd5 20. f5 Qc4 21. Qxc4 Rxc4 22. exd6 Bg5+ 23. Kb1 Ne3 24. d7+ Ka7 25. Bxb7 Nxd1 26. Nc6+ Kxb7 27. Na5+ Kb6 28. Nxc4+ bxc4 29. fxe6 Ne3 30. Rxe3 fxe6 31. Rxe6+ Kb7 32. Re8 1-0

[Event "HUN-ch U16"]
[Site "Miskolc"]
[Date "2004.07.13"]
[Round "9"]
[White "Kain, Sandor"]
[Black "Teglas, Balazs"]
[Result "1/2-1/2"]
[WhiteElo "1529"]
[BlackElo "1923"]
[PlyCount "63"]
[EventDate "2004.07.05"]
[EventType "swiss"]
[EventRounds "9"]
[EventCountry "HUN"]
[SourceTitle "EXT 2008"]
[Source "ChessBase"]
[SourceDate "2007.11.25"]
[SourceVersion "1"]
[SourceVersionDate "2007.11.25"]
[SourceQuality "1"]

1. e4 c5 2. Nf3 d6 3. d4 cxd4 4. Nxd4 Nf6 5. Nc3 a6 6. Bg5 e6 7. f4 Be7 8. Qf3 Qc7 9. 0-0-0 b5 10. g4 Bb7 11. Bxf6 gxf6 12. a3 Nd7 13. g5 Rc8 14. Qh5 Nc5 15. Bh3 Bxe4 16. Rhe1 Bg6 17. Qe2 fxg5 18. f5 Bxf5 19. Nxf5 exf5 20. Bxf5 Ne6 21. Bxe6 fxe6 22. Qxe6 Rf8 23. Rd2 Rf7 24. Nd5 Qb7 25. Nf6+ Kf8 26. Nxh7+ Rxh7 27. Rf2+ Kg7 28. Rf7+ Kh8 29. Rxe7 Rxe7 30. Qxe7 Qxe7 31. Rxe7 Rf8 32. Re2 1/2-1/2

[Event "HUN-ch U16"]
[Site "Miskolc"]
[Date "2004.07.12"]
[Round "8"]
[White "Tamas, Milan"]
[Black "Kain, Sandor"]
[Result "1-0"]
[WhiteElo "1991"]
[BlackElo "1529"]
[PlyCount "51"]
[EventDate "2004.07.05"]
[EventType "swiss"]
[EventRounds "9"]
[EventCountry "HUN"]
[SourceTitle "EXT 2008"]
[Source "ChessBase"]
[SourceDate "2007.11.25"]
[SourceVersion "1"]
[SourceVersionDate "2007.11.25"]
[SourceQuality "1"]

1. e4 c5 2. Nf3 d6 3. d4 cxd4 4. Nxd4 Nf6 5. Nc3 a6 6. Bg5 e6 7. f4 Be7 8. Qf3 Qc7 9. 0-0-0 Nbd7 10. Bd3 Nc5 11. Kb1 0-0 12. g4 b5 13. Nce2 Bb7 14. Bxf6 Bxf6 15. g5 Be7 16. h4 f5 17. gxf6 Bxf6 18. Qg4 Bxd4 19. Nxd4 Rf6 20. Rhg1 Qf7 21. f5 Bc8 22. fxe6 Nxe6 23. Nf5 Rg6 24. Qf3 Nf8 25. Rgf1 Bxf5 26. exf5 1-0

[Event "HUN-ch U16"]
[Site "Miskolc"]
[Date "2004.07.08"]
[Round "4"]
[White "Szupera, Peter"]
[Black "Kain, Sandor"]
[Result "1/2-1/2"]
[WhiteElo "1664"]
[BlackElo "1529"]
[PlyCount "87"]
[EventDate "2004.07.05"]
[EventType "swiss"]
[EventRounds "9"]
[EventCountry "HUN"]
[SourceTitle "EXT 2008"]
[Source "ChessBase"]
[SourceDate "2007.11.25"]
[SourceVersion "1"]
[SourceVersionDate "2007.11.25"]
[SourceQuality "1"]

1. c4 f5 2. Nf3 Nf6 3. g3 g6 4. b3 Bg7 5. Bb2 0-0 6. Bg2 d6 7. d4 Bd7 8. 0-0 c6 9. Nbd2 Re8 10. Re1 Na6 11. a3 Nc7 12. e4 fxe4 13. Nxe4 b5 14. Nfd2 bxc4 15. bxc4 Rb8 16. Rb1 Rf8 17. Qe2 Nxe4 18. Bxe4 Rxb2 19. Rxb2 Bxd4 20. Nf3 Bxb2 21. Qxb2 d5 22. cxd5 cxd5 23. Qb3 e6 24. Bc2 Qf6 25. Bd1 Nb5 26. Rf1 Qc3 27. Qxc3 Nxc3 28. Ne5 Bb5 29. Re1 Nxd1 30. Rxd1 Rf5 31. Rb1 a6 32. Re1 d4 33. Ng4 Rd5 34. Nf6+ Kf7 35. Nxd5 exd5 36. Rd1 d3 37. Kf1 Ba4 38. Rd2 Bc2 39. f4 Kf6 40. g4 d4 41. Kf2 Ke6 42. Kf3 Kd5 43. f5 gxf5 44. gxf5 1/2-1/2